Movies Quiz

Random Movies or Disney Quiz

Disney Animal Match Quiz Stats

 Plays Quiz Updated Sep 27, 2018

Score 0/90 Timer 10:00
1 Play Today
% Correct
Deer
76.7%
Donkey
73.7%
Rabbit
73.2%
T-Rex
72.8%
Bear
72.2%
Crab
71.3%
Monkey
70.3%
Bear
70.3%
Meerkat
69.8%
Cat
69.8%
Dalmatian
69.6%
Warthog
68.8%
Cocker Spaniel
66.4%
Bear
65.1%
Grasshopper
65.1%
Lion
64.4%
Tiger
64.1%
Clownfish
64%
Elephant
63.9%
Dragon
62.8%
Turtle
61.9%
Skunk
61.8%
Shark
61.6%
Llama
61.1%
Ant
59.7%
Tiger
59.6%
Orangutan
57.9%
Bear
57.9%
Raccoon
57.1%
Rat
56.9%
% Correct
Horse
56.8%
Mandrill
56.6%
Python
55.5%
Mouse
55.4%
Eel
55.1%
Rat
54.4%
Cricket
54.4%
Fox
52.7%
Parrot
52.7%
Elephant
52.3%
Mouse
52.1%
Horse
51.5%
Lion
51.5%
Hummingbird
51.2%
Cat
50.7%
Fox
50.6%
Penguin
50.5%
Pig
50.4%
Hyena
50.1%
Seagull
49.5%
Gorilla
48.9%
Fox
47.8%
Cat
46.3%
Horse
46.1%
Doberman Pinscher
45.9%
Chameleon
45.3%
Whale
44.9%
Mouse
43.2%
Hedgehog
42.6%
Caterpillar
42.6%
% Correct
Pelican
42.4%
Cow
41.5%
Newfoundland
40.1%
Owl
38.6%
Shrimp
38.1%
Hornbill
38%
Sheepdog
37.7%
Pug
36.8%
Firefly
36.3%
Pig
36.2%
Hamster
35%
Iguanodon
34.9%
Parrot
34.6%
'Snipe'
34.2%
Horse
33.4%
Moose
32.6%
Leopard
32.4%
Horse
32.4%
Chihuahua
31.9%
Bloodhound
30.5%
Goldfish
28.5%
Badger
28.2%
Rabbit
27.3%
Wolf
24.9%
Cat
22.6%
Vulture
20.3%
Albatross
19.3%
Dragonfly
19.1%
Bat
17%
Goanna
16.3%

You're not logged in!

Compare scores with friends on all Sporcle quizzes.
OR
Log In

Sporcle TV

Today on Sporcle TV


Watch our educational content, quiz creation guides, and fun videos on Sporcle TV.

Show Comments

Extras

Top Quizzes Today


Score Distribution

Your Account Isn't Verified!

In order to create a playlist on Sporcle, you need to verify the email address you used during registration. Go to your Sporcle Settings to finish the process.

Report this User

Report this user for behavior that violates our Community Guidelines.

Details: